000 00972nam a22002537a 4500
005 20080902121734.0
008 080902t xxu||||| |||| 00| 0 eng d
010 _aENG-90852
020 _a8174875786
_c495.00
035 _aEN-74385
037 _bDBAD /PUB
040 _aDPL
_bEnglish
082 _a883.08
100 _aYadav, Karan Singh
245 _aIris Murdoch:
_bmelodrama and metaphysics /
_cby Karan Singh Yadav
260 _aNew Delhi
_bRadha Publications
_c2008
270 _a4231/1, Ansari Road, Darya Ganj,
_bNew Delhi
_d110002
300 _a209p.
_c23 cm (Hb)
500 _aIncludes bibliogrpahical references
600 _aMurdoch, Iris
_xCriticism and interpretation
650 _aWomen and literature
_xHistory
_y20th century
_zEngland
942 _2ddc
_cEN
_mYAD
_h883.08
999 _c15256
_d15256